Statistics for US Cities That End In C

Click here to take the quiz!

General Stats

  • This quiz has been taken 16 times
    (5 since last reset)
  • The average score is 3 of 16

Answer Stats

Population City % Correct
59,515Pontiac, MI
60%
43,021Fond du Lac, WI
60%
11,931Pontiac, IL
60%
69,781Passaic, NJ
40%
10,355Cadillac, MI
40%
7,112Atlantic, IA
20%
7,002Pacific, MO
20%
6,606Pacific, WA
20%
42,434Lompoc, CA
0%
33,736Manitowoc, WI
0%
26,909SeaTac, WA
0%
15,712Oconomowoc, WI
0%
8,276Grand Blanc, MI
0%
6,763Aztec, NM
0%
5,879Dowagiac, MI
0%
5,625Pontotoc, MS
0%

Score Distribution

Percentile by Number Answered

Percent of People with Each Score

Your Score History

You have not taken this quiz since the last reset